[Event "SWE-chT 2223 Elite"]
[Site "Sweden"]
[Date "2023.01.20"]
[Round "6.1"]
[White "Johnson, Bjorn"]
[Black "Rosell, Tomas"]
[Result "1-0"]
[WhiteElo "2206"]
[BlackElo "2174"]
[PlyCount "69"]
[EventDate "2022.10.14"]
[EventType "team-tourn"]
[EventRounds "9"]
[EventCountry "SWE"]
[SourceTitle "CBM 213 Extra"]
[Source "ChessBase"]
[SourceDate "2023.05.31"]
[SourceVersion "1"]
[SourceVersionDate "2023.05.31"]
[SourceQuality "1"]
[WhiteTeam "Eksjo"]
[BlackTeam "Helsingborg"]
[WhiteTeamCountry "SWE"]
[BlackTeamCountry "SWE"]

1. f4 c5 2. Nf3 Nc6 3. e4 g6 4. Nc3 Bg7 5. Be2 d6 6. 0-0 e6 7. d3 Nge7 8. Qe1 Rb8 9. Kh1 b5 10. Qf2 b4 11. Nd1 Nd4 12. Ne3 a5 13. Nxd4 Bxd4 14. Qe1 Bg7 15. c3 bxc3 16. bxc3 0-0 17. Bd2 Qc7 18. Rb1 Bd7 19. Qh4 f6 20. Rfc1 d5 21. Bf3 Bc6 22. Qh3 Qd6 23. exd5 exd5 24. f5 Qd7 25. d4 c4 26. Bg4 g5 27. Qg3 Rxb1 28. Rxb1 h5 29. Bxh5 Nxf5 30. Qf3 Nd6 31. Bg6 Ne4 32. Qh5 Rd8 33. Qh7+ Kf8 34. Bc1 Qe7 35. Ba3 1-0

[Event "SWE-chT Group 3 Qualifier"]
[Site "Lund"]
[Date "2021.10.02"]
[Round "2"]
[White "Granath, Jonas"]
[Black "Johnson, Bjorn"]
[Result "0-1"]
[WhiteElo "1816"]
[BlackElo "2167"]
[PlyCount "110"]
[EventDate "2021.10.01"]
[EventType "team-tourn"]
[EventRounds "3"]
[EventCountry "SWE"]
[SourceTitle "CBM 204 Extra"]
[Source "ChessBase"]
[SourceDate "2021.11.30"]
[SourceVersion "1"]
[SourceVersionDate "2021.11.30"]
[SourceQuality "1"]
[WhiteTeam "Vasteras"]
[BlackTeam "Eksjo"]
[WhiteTeamCountry "SWE"]
[BlackTeamCountry "SWE"]

1. e4 e6 2. d4 d5 3. exd5 exd5 4. Nf3 Bg4 5. h3 Bh5 6. Qe2+ Qe7 7. Be3 Nc6 8. Nc3 0-0-0 9. g4 Bg6 10. 0-0-0 Qb4 11. Ne5 Nxe5 12. dxe5 d4 13. Nb5 Bc5 14. Bd2 Qa4 15. Qc4 Qxc4 16. Bxc4 Be4 17. Rhe1 Bf3 18. Be2 Bc6 19. b4 Bb6 20. Na3 a6 21. Nc4 Ba7 22. Na5 Bd5 23. Bc4 Ne7 24. Bg5 Rhe8 25. c3 Bxc4 26. Nxc4 dxc3 27. Rxd8+ Kxd8 28. Kc2 h6 29. Be3 Bxe3 30. Rxe3 Nd5 31. Rd3 c6 32. a3 Kc7 33. Ne3 Nf4 34. Rd4 Nxh3 35. f4 Rd8 36. Re4 Nf2 37. Rc4 Rd2+ 38. Kb3 Nd1 39. Nxd1 Rxd1 40. f5 Re1 41. Rc5 b6 42. f6 g6 43. Rxc3 Rxe5 44. Rh3 h5 45. gxh5 gxh5 46. Kc4 Kd6 47. Kd4 Ke6 48. Rc3 c5+ 49. Kc4 b5+ 50. Kd3 c4+ 51. Kd4 Kxf6 52. a4 h4 53. a5 Rh5 54. Rh3 Kg5 55. Rf3 h3 0-1

[Event "SWE-chT 0708"]
[Site "Sweden"]
[Date "2007.10.19"]
[Round "1"]
[White "Dalmau, Jorgen Mikael"]
[Black "Johnson, Bjorn"]
[Result "1/2-1/2"]
[WhiteElo "2152"]
[BlackElo "2291"]
[PlyCount "40"]
[EventDate "2007.10.19"]
[EventType "team-tourn"]
[EventRounds "11"]
[EventCountry "SWE"]
[SourceTitle "EXT 2009"]
[Source "ChessBase"]
[SourceDate "2008.11.26"]
[SourceVersion "1"]
[SourceVersionDate "2008.11.26"]
[SourceQuality "1"]
[WhiteTeam "Solna"]
[BlackTeam "Lund"]
[WhiteTeamCountry "SWE"]
[BlackTeamCountry "SWE"]

1. e4 e6 2. d4 d5 3. Nd2 Nc6 4. c3 dxe4 5. Nxe4 Qd5 6. Nd2 e5 7. Ngf3 exd4 8. Bc4 Qh5 9. cxd4 Be6 10. Bxe6 fxe6 11. Qb3 0-0-0 12. 0-0 Nf6 13. Nc4 Rd5 14. Be3 g5 15. Rac1 Ng4 16. h3 Nxe3 17. Nxe3 Rd6 18. Nc4 Rd5 19. Ne3 Rd6 20. Nc4 Rd5 1/2-1/2

[Event "SWE-chT 0506"]
[Site "Sweden"]
[Date "2006.??.??"]
[Round "11"]
[White "Ong, Kezli"]
[Black "Johnson, Bjorn"]
[Result "0-1"]
[WhiteElo "2366"]
[BlackElo "2281"]
[PlyCount "76"]
[EventDate "2005.10.??"]
[EventType "team-tourn"]
[EventRounds "11"]
[EventCountry "SWE"]
[SourceTitle "EXT 2008"]
[Source "ChessBase"]
[SourceDate "2007.11.25"]
[SourceVersion "1"]
[SourceVersionDate "2007.11.25"]
[SourceQuality "1"]
[WhiteTeam "Sollentuna"]
[BlackTeam "Lund"]
[WhiteTeamCountry "SWE"]
[BlackTeamCountry "SWE"]

1. e4 e6 2. d3 d5 3. Nd2 Nf6 4. Ngf3 Bc5 5. e5 Nfd7 6. d4 Bb6 7. Nb3 c5 8. dxc5 Nxc5 9. Nxc5 Bxc5 10. Bd3 Bd7 11. 0-0 Qb6 12. a4 Nc6 13. c3 a5 14. Qe2 f5 15. exf6 gxf6 16. Bh6 Qd8 17. Ng5 Ne5 18. Bg7 Nxd3 19. Qxd3 Rg8 20. Qxh7 Rxg7 21. Qxg7 fxg5 22. Qg8+ Ke7 23. Qxg5+ Kd6 24. Qg3+ Kc6 25. b4 Bd6 26. Qd3 Qh8 27. f4 Kc7 28. c4 Bxf4 29. g3 Be5 30. Rad1 Bxa4 31. Rf7+ Kb8 32. Rdf1 Bd4+ 33. Kg2 dxc4 34. Rxb7+ Kxb7 35. Rf7+ Kb6 36. Qxc4 Bc6+ 37. Kf1 axb4 38. Qxb4+ Bb5+ 0-1

[Event "SWE-chT 0405"]
[Site "Sweden"]
[Date "2005.??.??"]
[Round "8"]
[White "Nylen, Anders"]
[Black "Johnson, Bjorn"]
[Result "1-0"]
[WhiteElo "2269"]
[BlackElo "2306"]
[PlyCount "76"]
[EventDate "2004.11.05"]
[EventType "team-tourn"]
[EventRounds "11"]
[EventCountry "SWE"]
[SourceTitle "EXT 2006"]
[Source "ChessBase"]
[SourceDate "2005.11.24"]
[SourceVersion "1"]
[SourceVersionDate "2005.11.24"]
[SourceQuality "1"]
[WhiteTeam "Limhamn"]
[BlackTeam "Lund"]
[WhiteTeamCountry "SWE"]
[BlackTeamCountry "SWE"]

1. d4 f5 2. e4 fxe4 3. Nc3 Nf6 4. f3 d5 5. fxe4 dxe4 6. Bc4 Bf5 7. Bg5 Nc6 8. Nge2 e6 9. 0-0 Na5 10. Bb3 Be7 11. Qe1 Nxb3 12. axb3 0-0 13. Rd1 h6 14. Be3 Nd5 15. Ng3 Bh4 16. Qe2 Bxg3 17. hxg3 g5 18. g4 Bg6 19. Bf2 Nxc3 20. bxc3 Qd6 21. c4 Rf4 22. c5 Qd7 23. Bg3 Raf8 24. Bxf4 gxf4 25. Qc4 Kh7 26. c6 bxc6 27. Qc5 Qd6 28. Qxd6 cxd6 29. Ra1 e3 30. Rxa7+ Kg8 31. Rfa1 Bxc2 32. Rb7 e5 33. dxe5 dxe5 34. Raa7 Rd8 35. Rd7 Rb8 36. b4 e4 37. Rg7+ Kh8 38. Rh7+ Kg8 1-0

[Event "Canarias en Red prel 4th"]
[Site "Playchess.com INT"]
[Date "2004.05.06"]
[Round "10"]
[White "Johnson, Bjorn"]
[Black "Heerd, Thomas"]
[Result "0-1"]
[WhiteElo "2195"]
[BlackElo "2051"]
[PlyCount "44"]
[EventDate "2004.05.06"]
[EventType "swiss (blitz)"]
[EventRounds "13"]
[EventCountry "GER"]
[SourceTitle "EXT 2005"]
[Source "ChessBase"]
[SourceDate "2004.11.15"]
[SourceVersion "1"]
[SourceVersionDate "2004.11.15"]
[SourceQuality "1"]

1. d4 d6 2. c4 e5 3. dxe5 dxe5 4. Qxd8+ Kxd8 5. f3 Be6 6. e4 Ne7 7. Nc3 c6 8. Be3 Nc8 9. 0-0-0+ Kc7 10. Kc2 Nd7 11. h4 a5 12. Nh3 f6 13. Nf2 Ncb6 14. b3 Bc5 15. Rd3 a4 16. Be2 axb3+ 17. axb3 Ra3 18. Rhd1 Bxe3 19. Rxe3 Nc5 20. Nd3 Nxb3 21. Nb1 Nd4+ 22. Kb2 Nxc4+ 0-1

[Event "Canarias en Red prel 4th"]
[Site "Playchess.com INT"]
[Date "2004.05.06"]
[Round "2"]
[White "Podgaets, Mikhail"]
[Black "Johnson, Bjorn"]
[Result "1-0"]
[WhiteElo "2487"]
[BlackElo "2195"]
[PlyCount "85"]
[EventDate "2004.05.06"]
[EventType "swiss (blitz)"]
[EventRounds "13"]
[EventCountry "GER"]
[SourceTitle "EXT 2005"]
[Source "ChessBase"]
[SourceDate "2004.11.15"]
[SourceVersion "1"]
[SourceVersionDate "2004.11.15"]
[SourceQuality "1"]

1. d4 d5 2. c4 Nc6 3. e3 e5 4. cxd5 Qxd5 5. Nc3 Bb4 6. Bd2 Bxc3 7. Bxc3 exd4 8. Ne2 Nf6 9. Nxd4 0-0 10. Nb5 Qg5 11. Nxc7 Bg4 12. f3 Rac8 13. Nb5 Qxe3+ 14. Qe2 Qxe2+ 15. Bxe2 Bf5 16. Nd6 Bg6 17. Nxc8 Rxc8 18. Rd1 Ne8 19. Rd7 Nc7 20. Kf2 Bf5 21. Rd2 Be6 22. a3 a6 23. Rhd1 h6 24. Rd6 Bb3 25. R1d2 Ba4 26. Bc4 Nb5 27. Bxb5 Bxb5 28. Rd7 b6 29. Rb7 Na5 30. Bxa5 bxa5 31. b3 a4 32. bxa4 Bxa4 33. Rb6 Bb5 34. Rb7 g6 35. h4 Kg7 36. Rb2 Rc3 37. Rb4 h5 38. a4 Bd3 39. Rf4 Bc4 40. Rc7 Rc2+ 41. Kg3 Bb3 42. Rfxf7+ Bxf7 43. Rxc2 1-0

[Event "SWE-chT 0304"]
[Site "Sweden"]
[Date "2004.??.??"]
[Round "8"]
[White "Johnson, Bjorn"]
[Black "Holst, Conny"]
[Result "1/2-1/2"]
[WhiteElo "2310"]
[BlackElo "2237"]
[PlyCount "60"]
[EventDate "2003.10.??"]
[EventType "team-tourn"]
[EventRounds "11"]
[EventCountry "SWE"]
[SourceTitle "EXT 2005"]
[Source "ChessBase"]
[SourceDate "2004.11.15"]
[SourceVersion "1"]
[SourceVersionDate "2004.11.15"]
[SourceQuality "1"]
[WhiteTeam "Lund"]
[BlackTeam "Limhamn"]
[WhiteTeamCountry "SWE"]
[BlackTeamCountry "SWE"]

1. b3 Nf6 2. Bb2 g6 3. e4 d6 4. g3 Bg7 5. Bg2 c5 6. Ne2 0-0 7. 0-0 Nc6 8. d4 cxd4 9. Nxd4 Nxd4 10. Bxd4 Qa5 11. c4 Bg4 12. Qd3 Qh5 13. f3 Bd7 14. Nc3 Qa5 15. Rad1 Bc6 16. Rfe1 Rfc8 17. Qd2 a6 18. Bxf6 Bxf6 19. Nd5 Qc5+ 20. Qe3 Bxd5 21. Rxd5 Qxe3+ 22. Rxe3 b5 23. Bf1 b4 24. Be2 a5 25. Bd1 e6 26. Rdd3 Bd8 27. Kg2 Rc6 28. Re2 Bb6 29. Red2 Bc5 30. f4 e5 1/2-1/2

[Event "SWE-chT 0304"]
[Site "Sweden"]
[Date "2004.??.??"]
[Round "6"]
[White "Wengholm, Anders"]
[Black "Johnson, Bjorn"]
[Result "1-0"]
[WhiteElo "2261"]
[BlackElo "2310"]
[PlyCount "75"]
[EventDate "2003.10.??"]
[EventType "team-tourn"]
[EventRounds "11"]
[EventCountry "SWE"]
[SourceTitle "EXT 2005"]
[Source "ChessBase"]
[SourceDate "2004.11.15"]
[SourceVersion "1"]
[SourceVersionDate "2004.11.15"]
[SourceQuality "1"]
[WhiteTeam "Kamraterna"]
[BlackTeam "Lund"]
[WhiteTeamCountry "SWE"]
[BlackTeamCountry "SWE"]

1. Nf3 e6 2. c4 f5 3. g3 Nf6 4. Bg2 Be7 5. 0-0 0-0 6. d4 d6 7. Nc3 Ne4 8. Qc2 Nxc3 9. Qxc3 a5 10. b3 Bf6 11. Bb2 Nc6 12. a3 e5 13. e3 g5 14. dxe5 dxe5 15. Nd2 Qe8 16. Qc2 Ra6 17. c5 e4 18. Nc4 Ne5 19. Bxe5 Bxe5 20. Rad1 Bg7 21. Rd2 g4 22. Rfd1 Rh6 23. Nxa5 b6 24. cxb6 cxb6 25. Nc4 Qh5 26. Rd8 Qxh2+ 27. Kf1 Ba6 28. a4 Re6 29. Qd2 Qh6 30. Qd5 Rxd8 31. Qxd8+ Bf8 32. Qd5 Qf6 33. Kg1 Bxc4 34. Qxc4 Kg7 35. Rd7+ Re7 36. Rd5 Qe6 37. Bf1 Rd7 38. Qd4+ 1-0

[Event "SWE-chT 0304"]
[Site "Sweden"]
[Date "2003.??.??"]
[Round "4"]
[White "Andersson, Goran"]
[Black "Johnson, Bjorn"]
[Result "1/2-1/2"]
[WhiteElo "2292"]
[BlackElo "2259"]
[PlyCount "83"]
[EventDate "2003.10.??"]
[EventType "team-tourn"]
[EventRounds "11"]
[EventCountry "SWE"]
[SourceTitle "EXT 2005"]
[Source "ChessBase"]
[SourceDate "2004.11.15"]
[SourceVersion "1"]
[SourceVersionDate "2004.11.15"]
[SourceQuality "1"]
[WhiteTeam "Skara"]
[BlackTeam "Lund"]
[WhiteTeamCountry "SWE"]
[BlackTeamCountry "SWE"]

1. e4 e6 2. d4 d5 3. Nc3 Bb4 4. e5 c5 5. a3 Bxc3+ 6. bxc3 Qc7 7. Nf3 b6 8. h4 Ba6 9. Bxa6 Nxa6 10. Qd3 Nb8 11. h5 h6 12. 0-0 Nd7 13. c4 dxc4 14. Qxc4 Ne7 15. c3 Rc8 16. Qe2 cxd4 17. cxd4 Qc4 18. Qd1 Nd5 19. Be3 0-0 20. a4 Qc2 21. Qe1 Qf5 22. Qe2 Qxh5 23. Rfc1 Rxc1+ 24. Rxc1 f6 25. Qb5 Qf7 26. exf6 N7xf6 27. Ne5 Qh5 28. Qc6 Qf5 29. Re1 Ng4 30. Nxg4 Qxg4 31. a5 Rf6 32. Qa8+ Kh7 33. Qxa7 Rg6 34. g3 bxa5 35. Qxa5 h5 36. Qd2 h4 37. Kg2 Qe4+ 38. Kh2 Qf3 39. Bg5 hxg3+ 40. fxg3 Qh5+ 41. Bh4 Nf6 42. Qc2 1/2-1/2

[Event "SWE-chT 0304"]
[Site "Sweden"]
[Date "2003.??.??"]
[Round "5"]
[White "Johnson, Bjorn"]
[Black "Akesson, Joel"]
[Result "0-1"]
[WhiteElo "2259"]
[BlackElo "2325"]
[PlyCount "74"]
[EventDate "2003.10.??"]
[EventType "team-tourn"]
[EventRounds "11"]
[EventCountry "SWE"]
[SourceTitle "EXT 2005"]
[Source "ChessBase"]
[SourceDate "2004.11.15"]
[SourceVersion "1"]
[SourceVersionDate "2004.11.15"]
[SourceQuality "1"]
[WhiteTeam "Lund"]
[BlackTeam "Manhem"]
[WhiteTeamCountry "SWE"]
[BlackTeamCountry "SWE"]

1. b3 e5 2. Bb2 d6 3. e3 g6 4. d4 Nd7 5. Nf3 Bg7 6. Nc3 exd4 7. Nxd4 Ngf6 8. Be2 0-0 9. Qd2 Re8 10. 0-0-0 Nc5 11. Bf3 Bd7 12. Kb1 Rb8 13. Qe2 c6 14. g4 Qc8 15. Rdg1 b5 16. Nd1 a5 17. h4 Nce4 18. g5 Nd5 19. h5 c5 20. Bxe4 Rxe4 21. Qf3 cxd4 22. hxg6 hxg6 23. Qxe4 Bf5 24. f3 Bxe4 25. fxe4 Nc3+ 26. Bxc3 dxc3 27. Rh4 a4 28. Rg2 axb3 29. cxb3 b4 30. Rc2 Rb5 31. Nf2 Rxg5 32. Nd3 Rg1+ 33. Nc1 Qa6 34. e5 Rxc1+ 35. Rxc1 Qd3+ 36. Rc2 Qd1+ 37. Rc1 c2+ 0-1

[Event "SWE-chT 0304"]
[Site "Sweden"]
[Date "2003.??.??"]
[Round "2"]
[White "Sanden, Stefan"]
[Black "Johnson, Bjorn"]
[Result "0-1"]
[WhiteElo "2322"]
[BlackElo "2259"]
[PlyCount "92"]
[EventDate "2003.10.??"]
[EventType "team-tourn"]
[EventRounds "11"]
[EventCountry "SWE"]
[SourceTitle "EXT 2005"]
[Source "ChessBase"]
[SourceDate "2004.11.15"]
[SourceVersion "1"]
[SourceVersionDate "2004.11.15"]
[SourceQuality "1"]
[WhiteTeam "Passanten"]
[BlackTeam "Lund"]
[WhiteTeamCountry "SWE"]
[BlackTeamCountry "SWE"]

1. e4 e6 2. d4 d5 3. Nc3 Bb4 4. e5 c5 5. a3 Bxc3+ 6. bxc3 Qc7 7. Qg4 f5 8. Qg3 cxd4 9. cxd4 Ne7 10. h4 Qxc2 11. Bd2 Nbc6 12. Nf3 Qe4+ 13. Be3 0-0 14. Ng5 Qg4 15. Bd3 Qxg3 16. fxg3 Bd7 17. Rb1 Rab8 18. Ke2 Rfc8 19. Rhc1 Rc7 20. Rc2 Nc8 21. Kf3 Nb6 22. g4 h6 23. Nh3 fxg4+ 24. Kxg4 Nc4 25. Bxc4 dxc4 26. Nf2 Be8 27. h5 g6 28. Kh3 Ne7 29. Ne4 Nd5 30. Bxh6 gxh5 31. Re2 Bg6 32. Rf1 Bxe4 33. Rxe4 b5 34. Kh4 a5 35. Kxh5 Kh7 36. Bf8 Rcc8 37. Bd6 Rb7 38. Rf6 Rg7 39. g4 c3 40. Re1 c2 41. Bc5 b4 42. axb4 axb4 43. g5 Rxc5 44. dxc5 b3 45. Rf2 Ne3 46. c6 Nd1 0-1

[Event "Jonkoping op"]
[Site "Jonkoping"]
[Date "1988.??.??"]
[Round "4"]
[White "Johnson, Bjorn"]
[Black "Thordarson, Bjorn Vikingur"]
[Result "0-1"]
[WhiteElo "1354"]
[BlackElo "1596"]
[PlyCount "96"]
[EventDate "1988.??.??"]
[EventType "swiss"]
[EventRounds "7"]
[EventCountry "SWE"]
[SourceTitle "EXT 2001"]
[Source "ChessBase"]
[SourceDate "2000.11.22"]
[SourceVersion "1"]
[SourceVersionDate "2000.11.22"]
[SourceQuality "1"]

1. e4 c5 2. c3 d6 3. d4 cxd4 4. cxd4 Nf6 5. Nc3 g6 6. Nf3 Bg7 7. Bc4 0-0 8. h3 Nc6 9. 0-0 Nd7 10. Re1 b6 11. Be3 Bb7 12. Qc2 Rc8 13. Rad1 Nxd4 14. Bxf7+ Rxf7 15. Bxd4 e5 16. Be3 Nc5 17. Bxc5 Rxc5 18. Qd3 Bf8 19. b4 Rcc7 20. Nxe5 Qf6 21. Nxf7 Rxc3 22. Nh6+ Bxh6 23. Qxd6 Qxd6 24. Rxd6 Rc7 25. e5 Kf7 26. Red1 Ke7 27. R1d4 Bg7 28. Rd1 Bxe5 29. R6d3 Bf6 30. a3 Bc8 31. Re3+ Kf7 32. Rf3 Be6 33. Rfd3 h5 34. Kh2 Ke7 35. g3 Bb2 36. R1d2 Be5 37. h4 Bf5 38. Re3 Kf6 39. f4 Bc3 40. Rd1 Bb2 41. Rde1 Bd4 42. Rb3 Rc2+ 43. Kh1 Be6 44. Rxe6+ Kxe6 45. Rf3 Rc3 46. Kg2 a5 47. bxa5 bxa5 48. a4 Rc2+ 0-1

[Event "Jonkoping op"]
[Site "Jonkoping"]
[Date "1988.??.??"]
[Round "6"]
[White "Kroager, Sam"]
[Black "Johnson, Bjorn"]
[Result "1/2-1/2"]
[WhiteElo "1426"]
[BlackElo "1354"]
[PlyCount "55"]
[EventDate "1988.??.??"]
[EventType "swiss"]
[EventRounds "7"]
[EventCountry "SWE"]
[SourceTitle "EXT 2001"]
[Source "ChessBase"]
[SourceDate "2000.11.22"]
[SourceVersion "1"]
[SourceVersionDate "2000.11.22"]
[SourceQuality "1"]

1. d4 Nf6 2. c4 g6 3. Nc3 d5 4. Nf3 Bg7 5. Bf4 dxc4 6. e3 0-0 7. Bxc4 Nbd7 8. 0-0 b6 9. Rc1 Bb7 10. Re1 Nh5 11. Bxc7 Qxc7 12. Nd5 Qd8 13. Nc7 Rc8 14. Bxf7+ Rxf7 15. Ne6 Rxc1 16. Qxc1 Qa8 17. Nfg5 Bxg2 18. Nc7 Qb7 19. Qc4 Bh1 20. Qxf7+ Kh8 21. Qe8+ Bf8 22. e4 Qxc7 23. Qf7 Nhf6 24. Kxh1 Qf4 25. Ne6 Qxf2 26. Rg1 Qf3+ 27. Rg2 Qf1+ 28. Rg1 1/2-1/2